MLB player numbers - Statistics

General Stats
  • This quiz has been taken 58 times
  • The average score is 9 of 15
Answer Stats
Player Number % Correct
Mike Trout 27
93%
Jackie Robinson 42
90%
Aaron Judge 99
88%
Babe Ruth 3
85%
Clayton Kershaw 22
75%
Hank Aaron 44
68%
Barry Bonds 24/25
65%
Yasiel Puig 66
58%
Nolan Ryan 34
50%
Pete Rose 14
43%
Sandy Koufax 32
38%
Stan Musial 6
38%
Carl Yastrzemski 8
38%
Reggie Jackson 9
25%
Bob Gibson 45
20%
No matching quizzes found
Score Distribution
Percent of People with Each Score
Percentile by Number Answered
Your Score History
You have not taken this quiz